Estatísticas para Canadá

Clique aqui para jogar o quiz

Estatísticas Gerais

  • Esse quiz foi jogado 43 vezes
  • A pontuação média é 8 de 15

Estatísticas das Respostas

HintResposta% Correto
Qual é a sua capital?Ottawa
97%
Quantos idiomas tem?2
95%
Onde fica?América do Norte
92%
Como se chama o músico canadense que se tornou famoso pela música Baby?Justin Bieber
86%
Qual é a cidade mais populosa?Toronto
86%
Como se chama a sua moeda?Dólar canadense
84%
Qual é o seu código ISO?CA
68%
Qual é a sua religião?Cristianismo
57%
Como se a cantora canadense que ficou famosa por cantar a música My Heart Will Go On?Celine Dion
46%
Qual é o desporto mais praticado no inverno?Hóquei no gelo
41%
Como se chama o músico luso-canadense que se tornou famoso pela música Stitches?Shawn Mendes
32%
Como se chama o músico canadense que se tornou famoso por cantar a música Summer of 69?Bryan Adams
14%
Qual é o queijo mais consumido no país?Cheddar
14%
Como se chama o famoso vinho que é produzido no país?Iced Wine
5%
Qual é o desporto mais praticado no verão?Lacrosse
5%

Distribuição das Pontuações

Percentil de Números Respondidos

Porcentagem de Pessoas com Cada Pontuação

Sua Pontuação Histórica

Você não jogou esse quiz